Länder Europas zuordnen - Statistiken

Allgemein
  • Dieses Quiz wurde 721 mal gespielt
  • Das Durchschnittsergebnis liegt bei 31 aus 45
Antworten auf der Karte
Die Antworten werden auf der Karte rot bzw. grün angezeigt, abhängig davon wie oft sie richtig erraten wurden.
 
Antwortstatistiken
Antwort % Korrekt
Italien
91%
Russland
89%
Finnland
88%
Irland
85%
Deutschland
83%
Griechenland
82%
Portugal
82%
Dänemark
80%
Frankreich
79%
Österreich
79%
Spanien
78%
Island
77%
Vereinigtes Königreich
77%
Polen
75%
Estland
74%
Schweden
74%
Luxemburg
73%
Niederlande
73%
Norwegen
73%
Ukraine
73%
Lettland
72%
Liechtenstein
72%
Schweiz
72%
Tschechien
72%
Belarus
71%
Vatikanstadt
70%
Litauen
69%
Belgien
68%
San Marino
68%
Malta
67%
Kroatien
66%
Andorra
65%
Monaco
65%
Rumänien
64%
Bosnien und Herzegowina
60%
Slowenien
58%
Ungarn
57%
Bulgarien
56%
Albanien
55%
Moldawien
55%
Kosovo
54%
Nordmazedonien
53%
Serbien
50%
Slowakei
49%
Montenegro
47%
Keine übereinstimmenden Quizze gefunden
Verteilung der Resultate
Anzahl Personen mit jedem Resultat
Perzentil nach korrekt beantworteten Fragen
Ihre Resultats-Entwicklung
Sie haben dieses Quiz noch nicht gespielt